000 00932nam a2200265Ia 4500
003 OSt
005 20220923211045.0
006 a|||||r|||| 00| 0
007 ta
008 220922b |||||||| |||| 00| 0 hin d
020 _a8174870148 (hbk)
024 _a157,995
037 _cTextual
040 _aARTS
_cARTS
_bhin
041 _2hin
_ahin
082 _aO152,IN2:g, N5
100 _aत्रिपाठी, रामसागर
_9157695
245 0 _aकाव्यशास्त्रीय संदर्भ में छायावाद
246 _aKāvyashāstrīya sandarbha mean chhāyāvāda
260 _aनई दिल्ली
_b राधा पब्लि0
_c1995
300 _a190 पृ.
_ccm.
650 _aहिन्दी साहित्य
_9156264
942 _hO152,IN2:g, N5
_cTEXL
_2CC
999 _c294618
_d294618